[Event "Pan American Intercollegiate-chT"]
[Site "Chess.com INT"]
[Date "2021.01.04"]
[Round "3"]
[White "Sliwicka, Alicja"]
[Black "Zhang, Brendan"]
[Result "1-0"]
[WhiteElo "2333"]
[BlackElo "1900"]
[PlyCount "105"]
[EventDate "2021.01.04"]
[EventType "team-swiss (rapid)"]
[EventRounds "9"]
[EventCountry "USA"]
[SourceTitle "CBM 200 Extra"]
[Source "ChessBase"]
[SourceDate "2021.03.31"]
[SourceVersion "1"]
[SourceVersionDate "2021.03.31"]
[SourceQuality "1"]
[WhiteTeam "Texas Rio Grande Valley Univ (W)"]
[BlackTeam "Minnesota Twin Cities"]
[WhiteTeamCountry "USA"]
[BlackTeamCountry "USA"]

1. e4 c5 2. Nf3 e6 3. d4 cxd4 4. Nxd4 Nc6 5. Nc3 a6 6. Nb3 Qc7 7. Bd3 Nf6 8. 0-0 h5 9. f4 b5 10. e5 b4 11. Ne4 Ng4 12. Qe2 Bb7 13. c3 a5 14. Be3 f5 15. Nd6+ Bxd6 16. exd6 Qxd6 17. Bc5 Qc7 18. Bxf5 0-0-0 19. Bxg4 hxg4 20. cxb4 axb4 21. Rac1 g3 22. hxg3 Rh6 23. Be3 Rdh8 24. Nc5 Rh1+ 25. Kf2 R1h2 26. Nxb7 Qxb7 27. Rg1 Kb8 28. Qd3 R8h5 29. Rc5 Rxc5 30. Bxc5 Rh5 31. Qd6+ Qc7 32. Qf8+ Kb7 33. Rd1 Rf5 34. Qd6 Qxd6 35. Bxd6 Ra5 36. a3 bxa3 37. bxa3 Rb5 38. Rd3 g5 39. Kf3 Na5 40. Bb4 Kc6 41. Be7 Nc4 42. Rc3 d5 43. fxg5 Kd7 44. Bf6 Nd2+ 45. Kf4 Ne4 46. Rd3 Rb1 47. Bd4 Ke8 48. g6 Rf1+ 49. Rf3 Rd1 50. g7 Kf7 51. Kg4+ Nf6+ 52. Bxf6 Kg8 53. Be5 1-0

[Event "Washington State-ch"]
[Site "Redmond"]
[Date "2019.02.24"]
[Round "8"]
[White "Irgaliyev, Alikhan"]
[Black "Zhang, Brendan"]
[Result "1/2-1/2"]
[WhiteElo "2193"]
[BlackElo "1968"]
[PlyCount "23"]
[EventDate "2019.02.16"]
[EventType "tourn"]
[EventRounds "9"]
[EventCountry "USA"]
[SourceTitle "EXT 2023"]
[Source "ChessBase"]
[SourceDate "2022.10.05"]
[SourceVersion "1"]
[SourceVersionDate "2022.10.05"]
[SourceQuality "1"]

1. d4 Nf6 2. Bg5 c5 3. Bxf6 gxf6 4. d5 Qb6 5. Qc1 f5 6. c4 Bg7 7. Nc3 d6 8. e3 Nd7 9. Nf3 Ne5 10. Nxe5 dxe5 11. Qd2 f4 12. 0-0-0 1/2-1/2

[Event "Seattle Summer Classic 2nd"]
[Site "Seattle"]
[Date "2018.08.19"]
[Round "9"]
[White "Breckenridge, Steven James"]
[Black "Zhang, Brendan"]
[Result "1-0"]
[WhiteElo "2305"]
[BlackElo "2001"]
[PlyCount "80"]
[EventDate "2018.08.15"]
[EventType "swiss"]
[EventRounds "9"]
[EventCountry "USA"]
[SourceTitle "EXT 2023"]
[Source "ChessBase"]
[SourceDate "2022.10.05"]
[SourceVersion "1"]
[SourceVersionDate "2022.10.05"]
[SourceQuality "1"]

1. c4 e5 2. Nc3 Nf6 3. g3 c6 4. Bg2 Bb4 5. Qb3 Bxc3 6. Qxc3 d6 7. Nf3 0-0 8. c5 Ne4 9. Qc2 Nxc5 10. Nxe5 Re8 11. Nf3 Qf6 12. d3 Bf5 13. 0-0 h6 14. Rb1 a5 15. b3 Nbd7 16. Bb2 Qe7 17. Rfe1 Bg6 18. e4 b5 19. Nh4 Bh7 20. d4 Nxe4 21. Qxc6 Rac8 22. Qxb5 Rb8 23. Qa4 Qf6 24. Bxe4 Bxe4 25. Qxd7 Re7 26. Qg4 Bxb1 27. Rxb1 Rbe8 28. d5 Re1+ 29. Kg2 Qg5 30. Qxg5 hxg5 31. Rxe1 Rxe1 32. Nf5 Rd1 33. Bc3 g6 34. Ne3 Rc1 35. Bxa5 Ra1 36. Bb4 Rxa2 37. Bxd6 f5 38. Be7 g4 39. d6 Kf7 40. Nd5 Rd2 1-0

[Event "Seattle Classic op"]
[Site "Seattle"]
[Date "2017.08.20"]
[Round "8"]
[White "Zhang, Brendan"]
[Black "Bashkansky, Naomi"]
[Result "0-1"]
[WhiteElo "1877"]
[BlackElo "1862"]
[PlyCount "89"]
[EventDate "2017.08.16"]
[EventType "swiss"]
[EventRounds "9"]
[EventCountry "USA"]
[SourceTitle "EXT 2023"]
[Source "ChessBase"]
[SourceDate "2022.10.05"]
[SourceVersion "1"]
[SourceVersionDate "2022.10.05"]
[SourceQuality "1"]

1. d4 d5 2. c4 dxc4 3. Nf3 Nf6 4. e3 e6 5. Bxc4 c5 6. 0-0 a6 7. Bb3 b6 8. Nc3 Bb7 9. Qe2 Nbd7 10. Rd1 Qc7 11. h3 Rc8 12. a4 Be7 13. e4 cxd4 14. Nxd4 Bb4 15. Bc2 Bxc3 16. bxc3 0-0 17. Bg5 h6 18. Bh4 g6 19. Bxf6 Nxf6 20. e5 Nd5 21. Re1 Nf4 22. Qg4 Nxg2 23. Red1 Qxe5 24. Bxg6 Kh8 25. Nxe6 Qxe6 26. Rd7 Qxg4 27. hxg4 Bc6 28. Rxf7 Rxf7 29. Bxf7 Nf4 30. Rb1 Bd5 31. Bxd5 Nxd5 32. Rd1 Nxc3 33. Rd6 Nxa4 34. Rxh6+ Kg7 35. Rd6 Rf8 36. Kg2 Rf6 37. Rd7+ Kg6 38. Kg3 Nc3 39. Re7 b5 40. f4 Rb6 41. g5 Nd5 42. Re5 b4 43. Rxd5 b3 44. Kg4 b2 45. Rd7 0-1

[Event "Seattle Classic op"]
[Site "Seattle"]
[Date "2017.08.18"]
[Round "5"]
[White "Sohal, Tanraj"]
[Black "Zhang, Brendan"]
[Result "1-0"]
[WhiteElo "2290"]
[BlackElo "1877"]
[PlyCount "85"]
[EventDate "2017.08.16"]
[EventType "swiss"]
[EventRounds "9"]
[EventCountry "USA"]
[SourceTitle "EXT 2023"]
[Source "ChessBase"]
[SourceDate "2022.10.05"]
[SourceVersion "1"]
[SourceVersionDate "2022.10.05"]
[SourceQuality "1"]

1. d4 Nf6 2. c4 e6 3. Nf3 Bb4+ 4. Nbd2 d5 5. g3 0-0 6. Bg2 b6 7. 0-0 Bb7 8. Qc2 Re8 9. Ne5 Nc6 10. Nxc6 Bxc6 11. Nf3 Bb7 12. Ne5 Bd6 13. Bf4 c5 14. Qd2 Qc7 15. cxd5 exd5 16. Nd3 Ne4 17. Bxd6 Qxd6 18. Qf4 Qxf4 19. Nxf4 Rad8 20. dxc5 bxc5 21. Rac1 c4 22. e3 a5 23. Rfd1 a4 24. Rd4 f5 25. Rcd1 a3 26. bxa3 Nc3 27. Rc1 Nb5 28. Bxd5+ Bxd5 29. Rxd5 Rxd5 30. Nxd5 Re5 31. a4 Nd6 32. Nc3 Kf7 33. Nb5 Nxb5 34. axb5 Rxb5 35. Rxc4 h5 36. a4 Rb2 37. e4 Kf6 38. exf5 Kxf5 39. h4 Re2 40. Rf4+ Ke6 41. Kg2 Rc2 42. Rb4 g6 43. Kf1 1-0

[Event "Seattle Classic op"]
[Site "Seattle"]
[Date "2017.08.17"]
[Round "3"]
[White "Perez, Ignacio"]
[Black "Zhang, Brendan"]
[Result "0-1"]
[WhiteElo "2101"]
[BlackElo "1877"]
[PlyCount "56"]
[EventDate "2017.08.16"]
[EventType "swiss"]
[EventRounds "9"]
[EventCountry "USA"]
[SourceTitle "EXT 2023"]
[Source "ChessBase"]
[SourceDate "2022.10.05"]
[SourceVersion "1"]
[SourceVersionDate "2022.10.05"]
[SourceQuality "1"]

1. d4 Nf6 2. Nf3 e6 3. Bg5 d5 4. e3 Be7 5. Bxf6 Bxf6 6. Bd3 0-0 7. h4 g6 8. h5 Nc6 9. hxg6 fxg6 10. c4 Nb4 11. Be2 c5 12. Nc3 cxd4 13. exd4 Nc6 14. Qd2 a6 15. Qh6 Rf7 16. 0-0-0 b5 17. cxd5 exd5 18. Bd3 Nxd4 19. Bxg6 hxg6 20. Nxd5 Qxd5 21. Qxg6+ Kf8 22. Nxd4 Qc5+ 23. Kb1 Bxd4 24. Qh6+ Bg7 25. Rd8+ Ke7 26. Qh4+ Bf6 27. Qe4+ Kxd8 28. Qxa8 Kc7 0-1

[Event "Washington State-chB"]
[Site "Redmond"]
[Date "2017.02.18"]
[Round "5"]
[White "Pupols, Viktors"]
[Black "Zhang, Brendan"]
[Result "1/2-1/2"]
[WhiteElo "1970"]
[BlackElo "1873"]
[PlyCount "102"]
[EventDate "2017.02.11"]
[EventType "tourn"]
[EventRounds "9"]
[EventCountry "USA"]
[SourceTitle "EXT 2023"]
[Source "ChessBase"]
[SourceDate "2022.10.05"]
[SourceVersion "1"]
[SourceVersionDate "2022.10.05"]
[SourceQuality "1"]

1. c4 e5 2. Nc3 Bb4 3. e3 Nf6 4. Nge2 0-0 5. a3 Bxc3 6. Nxc3 c6 7. d4 e4 8. Be2 d6 9. 0-0 Re8 10. b4 a6 11. a4 d5 12. cxd5 Nxd5 13. Nxd5 Qxd5 14. f4 Be6 15. Bd2 f5 16. g4 Nd7 17. gxf5 Qxf5 18. Rf2 Qf7 19. f5 Bxf5 20. b5 Re6 21. bxa6 bxa6 22. Qf1 Rf6 23. Bxa6 Kh8 24. Bc4 Qh5 25. Be2 Qg6+ 26. Kh1 Nb6 27. a5 Nd5 28. a6 Rf7 29. Qg2 Qh6 30. Qg3 Qe6 31. Qe5 Qxe5 32. dxe5 g6 33. Rc1 Rc7 34. Kg2 Bc8 35. Rf8+ Kg7 36. Rd8 Bh3+ 37. Kxh3 Rxd8 38. Bc4 Nf4+ 39. exf4 Rxd2 40. Rb1 e3 41. Kg3 Rc2 42. Bd3 Rc3 43. Be2 Ra3 44. Kf3 c5 45. Bc4 Ra4 46. Rc1 Ra3 47. Rb1 Kf8 48. Rb8+ Ke7 49. Rh8 Ra4 50. Rxh7+ Kd8 51. Rh8+ Ke7 1/2-1/2

[Event "Washington State-chB"]
[Site "Redmond"]
[Date "2017.02.12"]
[Round "4"]
[White "Zhang, Brendan"]
[Black "Rupel, David G"]
[Result "1/2-1/2"]
[WhiteElo "1873"]
[BlackElo "2027"]
[PlyCount "139"]
[EventDate "2017.02.11"]
[EventType "tourn"]
[EventRounds "9"]
[EventCountry "USA"]
[SourceTitle "EXT 2023"]
[Source "ChessBase"]
[SourceDate "2022.10.05"]
[SourceVersion "1"]
[SourceVersionDate "2022.10.05"]
[SourceQuality "1"]

1. d4 c6 2. c4 Nf6 3. Nc3 d5 4. Nf3 Bg4 5. Ne5 Be6 6. c5 Nbd7 7. Nd3 Bf5 8. Bf4 Nh5 9. e4 dxe4 10. Qxh5 g6 11. Qd1 exd3 12. Bxd3 Bxd3 13. Qxd3 Nxc5 14. Qc4 Ne6 15. Be5 Bg7 16. 0-0 Bxe5 17. dxe5 Qd4 18. Qe2 0-0 19. Rfd1 Qb6 20. Rd7 Rfd8 21. Rxe7 Qb4 22. Rxe6 fxe6 23. Ne4 Qb5 24. Nf6+ Kg7 25. Qe4 Qc5 26. Re1 Qd4 27. Qf3 Qd2 28. Rf1 Qd3 29. Nh5+ Kh6 30. Qf4+ g5 31. Qg4 Qf5 32. Qe2 Rd5 33. Nf6 Kg7 34. Nxd5 cxd5 35. Rc1 Rf8 36. h3 Rf7 37. Rc3 Qb1+ 38. Kh2 Qxa2 39. Rg3 h6 40. h4 Qc4 41. Qh5 Qf4 42. hxg5 hxg5 43. Kh1 Kf8 44. Qh8+ Ke7 45. Qb8 Rh7+ 46. Rh3 Rxh3+ 47. gxh3 Qf3+ 48. Kg1 Qxh3 49. Qxb7+ Kf8 50. Qa8+ Kf7 51. Qxa7+ Kg6 52. Qd4 Qb3 53. Kg2 Qc4 54. Qe3 Qg4+ 55. Kf1 Qd1+ 56. Kg2 Kf5 57. Qc3 d4 58. Qc6 Qg4+ 59. Kf1 d3 60. f3 Qd4 61. Qc1 Qxe5 62. Qd2 Qb5 63. Kf2 Qc5+ 64. Qe3 Qc4 65. b4 Qc2+ 66. Ke1 Qb1+ 67. Kf2 Qb2+ 68. Kf1 Qb1+ 69. Kf2 Qc2+ 70. Ke1 1/2-1/2

[Event "Washington State-chB"]
[Site "Redmond"]
[Date "2017.02.11"]
[Round "1"]
[White "Ramasamy, Vikram"]
[Black "Zhang, Brendan"]
[Result "1/2-1/2"]
[WhiteElo "1988"]
[BlackElo "1873"]
[PlyCount "70"]
[EventDate "2017.02.11"]
[EventType "tourn"]
[EventRounds "9"]
[EventCountry "USA"]
[SourceTitle "EXT 2023"]
[Source "ChessBase"]
[SourceDate "2022.10.05"]
[SourceVersion "1"]
[SourceVersionDate "2022.10.05"]
[SourceQuality "1"]

1. e4 d5 2. exd5 Nf6 3. d4 Nxd5 4. Nf3 Bg4 5. h3 Bh5 6. Be2 e6 7. 0-0 Nc6 8. c4 Nb6 9. Be3 Be7 10. Nc3 Bxf3 11. Bxf3 Nxc4 12. Bxc6+ bxc6 13. Qa4 Nb6 14. Qxc6+ Qd7 15. Qf3 0-0 16. Rfd1 c6 17. Rac1 Nc4 18. b3 Nxe3 19. fxe3 Rac8 20. Ne2 Ba3 21. Rc4 Rfd8 22. Rd3 c5 23. Ra4 Bb4 24. Nf4 c4 25. Rd1 a5 26. Qg3 Kf8 27. Nh5 g6 28. Nf6 Qe7 29. Qe5 c3 30. Nxh7+ Kg8 31. Nf6+ Kh8 32. Qg5 Kg7 33. Nh5+ Kh7 34. Nf6+ Kg7 35. Nh5+ Kh7 1/2-1/2

[Event "US Open-117"]
[Site "Indianapolis"]
[Date "2016.08.06"]
[Round "8"]
[White "Zhang, Brendan"]
[Black "Kumar, Nikhil"]
[Result "0-1"]
[WhiteElo "1774"]
[BlackElo "2014"]
[PlyCount "122"]
[EventDate "2016.07.30"]
[EventType "swiss"]
[EventRounds "9"]
[EventCountry "USA"]
[SourceTitle "CBM 173 Extra"]
[Source "ChessBase"]
[SourceDate "2016.08.29"]
[SourceVersion "1"]
[SourceVersionDate "2016.08.29"]
[SourceQuality "1"]

1. d4 d5 2. c4 e6 3. Nc3 Be7 4. Nf3 Nf6 5. e3 0-0 6. Qc2 Nbd7 7. cxd5 exd5 8. Bd3 b6 9. 0-0 Bb7 10. a4 c5 11. a5 Bc6 12. Ne5 Qc7 13. f4 h6 14. Bd2 c4 15. Bf5 b5 16. e4 dxe4 17. Nxe4 Bxe4 18. Bxe4 Nxe4 19. Qxe4 Nf6 20. Qf3 Qd6 21. Be3 Nd5 22. Bf2 Rac8 23. f5 Bf6 24. Bg3 Qd8 25. Rfd1 Nb4 26. Qc3 Nd5 27. Qf3 Bg5 28. Bf2 Re8 29. h4 Bf6 30. Ng4 Nb4 31. Nxf6+ Qxf6 32. d5 Nd3 33. Bxa7 Qd6 34. Rxd3 cxd3 35. Qxd3 Re5 36. Rd1 Rce8 37. Bf2 Re2 38. Qxb5 Qe5 39. Qd3 Qxb2 40. Qd4 Qc2 41. Rf1 R8e4 42. Qb6 Rg4 43. a6 Qe4 44. Qb8+ Kh7 45. Qh2 Qxd5 46. Qh3 h5 47. a7 Ra2 48. g3 Qd3 49. Qg2 Rga4 50. Qh3 R4a3 51. Re1 Qf3 52. Qg2 Qxg2+ 53. Kxg2 Rxa7 54. Kf3 Rb7 55. Bd4 Ra4 56. Be5 Re7 57. Re3 Ra5 58. Kf4 f6 59. Bd4 Rd7 60. Bc3 Rc5 61. Rf3 Rc4+ 0-1

[Event "Washington State-ch Challengers"]
[Site "Redmond"]
[Date "2016.02.06"]
[Round "2"]
[White "Ramasamy, Vikram"]
[Black "Zhang, Brendan"]
[Result "1-0"]
[WhiteElo "1847"]
[BlackElo "1821"]
[PlyCount "117"]
[EventDate "2016.02.06"]
[EventType "tourn"]
[EventRounds "9"]
[EventCountry "USA"]
[SourceTitle "EXT 2018"]
[Source "ChessBase"]
[SourceDate "2017.10.13"]
[SourceVersion "1"]
[SourceVersionDate "2017.10.13"]
[SourceQuality "1"]

1. e4 c5 2. c3 Nf6 3. e5 Nd5 4. d4 cxd4 5. Nf3 d6 6. cxd4 Nb6 7. h3 g6 8. Bf4 dxe5 9. Bxe5 f6 10. Bf4 Bg7 11. Qb3 Qd5 12. Qxd5 Nxd5 13. Bg3 Nb4 14. Na3 Be6 15. b3 0-0 16. Be2 N8c6 17. 0-0 Rad8 18. Rfd1 Bd5 19. Bc4 Kh8 20. Nb5 Bxf3 21. gxf3 Nc2 22. Bc7 Nxa1 23. Bxd8 Rxd8 24. Rxa1 a6 25. Nc7 Rxd4 26. Rc1 Bh6 27. Rc3 Bd2 28. Rc2 Nb4 29. Rb2 b5 30. Bf1 Bc1 31. Rb1 Ba3 32. Bxb5 axb5 33. Nxb5 Rd3 34. Nxa3 Rxf3 35. Kg2 Rd3 36. Rb2 e5 37. Nc4 Nxa2 38. Rxa2 Rxb3 39. Ra7 e4 40. Nd6 f5 41. Nf7+ Kg8 42. Nh6+ Kh8 43. Re7 Ra3 44. h4 Rb3 45. h5 Ra3 46. Nf7+ Kg7 47. h6+ Kf6 48. Rb7 g5 49. Nh8 g4 50. Rxh7 Ra8 51. Kg3 Ra3+ 52. Kg2 Ra8 53. Nf7 Ra7 54. Ng5 Ra2 55. Rg7 e3 56. Nh7+ Ke6 57. Nf8+ Kd6 58. Rd7+ Kc6 59. h7 1-0

[Event "Washington State-ch Challengers"]
[Site "Redmond"]
[Date "2016.02.06"]
[Round "1"]
[White "Zhang, Brendan"]
[Black "Zhang, Eric M"]
[Result "0-1"]
[WhiteElo "1821"]
[BlackElo "1490"]
[PlyCount "158"]
[EventDate "2016.02.06"]
[EventType "tourn"]
[EventRounds "9"]
[EventCountry "USA"]
[SourceTitle "EXT 2018"]
[Source "ChessBase"]
[SourceDate "2017.10.13"]
[SourceVersion "1"]
[SourceVersionDate "2017.10.13"]
[SourceQuality "1"]

1. d4 Nf6 2. c4 c5 3. d5 e6 4. Nc3 exd5 5. cxd5 d6 6. g3 g6 7. Bg2 Bg7 8. Nf3 0-0 9. 0-0 Re8 10. Nd2 Nbd7 11. e4 a6 12. Nc4 Ne5 13. Nxe5 Rxe5 14. a4 b6 15. Re1 Qc7 16. h3 Rb8 17. f4 Re8 18. Qd3 Nd7 19. Be3 Bb7 20. Rab1 c4 21. Qf1 Ba8 22. Rec1 b5 23. axb5 axb5 24. Bf2 Nc5 25. Bxc5 Qxc5+ 26. Kh2 Rec8 27. Qf3 b4 28. Ne2 Qa5 29. Qe3 Qc5 30. Qxc5 Rxc5 31. Rc2 Bb7 32. Rd1 Ba6 33. Nd4 c3 34. b3 Bxd4 35. Rxd4 f6 36. g4 Ra5 37. e5 fxe5 38. fxe5 dxe5 39. Rd1 Bb7 40. Re2 Rd8 41. Rxe5 c2 42. Rc1 Rc5 43. Re2 Bxd5 44. Rexc2 Rxc2 45. Rxc2 Bxg2 46. Kxg2 Rd3 47. Rc8+ Kg7 48. g5 Rc3 49. Rb8 Rxb3 50. Rb7+ Kg8 51. Rb8+ Kf7 52. Rb7+ Ke6 53. Rxh7 Kf5 54. h4 Kg4 55. Kf2 Rb1 56. Rg7 b3 57. Rxg6 b2 58. Rb6 Rh1 59. Rb4+ Kh5 60. Kg3 b1Q 61. Rxb1 Rxb1 62. Kf4 Kxh4 63. g6 Rg1 64. Kf5 Kh5 65. g7 Rxg7 66. Kf6 Kh6 67. Kf5 Re7 68. Kf6 Re1 69. Kf5 Kg7 70. Kg5 Rf1 71. Kg4 Kf6 72. Kg3 Ke5 73. Kg4 Rf5 74. Kg3 Rf4 75. Kh3 Ke4 76. Kg3 Ke3 77. Kg2 Rf3 78. Kh2 Kf2 79. Kh1 Rh3# 0-1

[Event "Clark Harmon Memorial 8th"]
[Site "Seattle"]
[Date "2014.05.04"]
[Round "5"]
[White "Pupols, Viktors"]
[Black "Zhang, Brendan"]
[Result "1-0"]
[WhiteElo "2200"]
[BlackElo "1765"]
[PlyCount "221"]
[EventDate "2014.05.03"]
[EventType "swiss"]
[EventRounds "5"]
[EventCountry "USA"]
[SourceTitle "EXT 2017"]
[Source "ChessBase"]
[SourceDate "2016.10.25"]
[SourceVersion "1"]
[SourceVersionDate "2016.10.25"]
[SourceQuality "1"]

1. d4 Nf6 2. c4 e6 3. Nc3 Bb4 4. Bd2 0-0 5. Nf3 d5 6. e3 Nc6 7. Bd3 a6 8. 0-0 dxc4 9. Bxc4 b5 10. Be2 Bb7 11. Qc2 Ne7 12. Rfd1 Ned5 13. Nxd5 Nxd5 14. Bxb4 Nxb4 15. Qd2 Qe7 16. a3 Nd5 17. Rac1 Rac8 18. Ne5 Nf6 19. Nc6 Qd6 20. Bf3 Nd5 21. Bxd5 exd5 22. Na5 Rb8 23. Qc3 Rfc8 24. b4 c6 25. Rc2 Rc7 26. Rdc1 Rbc8 27. Qd3 Qf6 28. Qe2 Ba8 29. Qg4 Qd6 30. Nb3 Bb7 31. Na5 Ba8 32. Rc3 Qf6 33. Qg3 Qe6 34. Qf4 h6 35. h3 Kh8 36. Kh2 Kg8 37. Nb3 Bb7 38. Nc5 Qg6 39. Qg4 Qd6+ 40. Qg3 Qf6 41. Nd3 Qe6 42. Kh1 Kh8 43. Ne5 Kg8 44. Qf3 Kh8 45. g4 Kg8 46. Qg3 f6 47. Nd3 Qe4+ 48. Kh2 Qe7 49. Nc5 Ba8 50. Nxa6 Ra7 51. Nc5 Kf7 52. Qf3 Qd6+ 53. Kg2 Rcc7 54. Qf5 Bb7 55. Nxb7 Raxb7 56. Qc2 Rb6 57. Rc5 Qe6 58. Qd3 Qd6 59. R5c3 Qe6 60. Re1 Re7 61. Qd1 Ra6 62. Qd3 Qe4+ 63. Qxe4 Rxe4 64. Rd1 Ke7 65. f3 Re6 66. h4 Kd7 67. h5 Ra8 68. Kf2 Rae8 69. Ra1 Ra8 70. Ke2 Kd6 71. Kd2 Kd7 72. Rac1 Rae8 73. Rd3 Kd6 74. Ke2 R8e7 75. Kf2 Re8 76. Rcc3 Rf8 77. Rd1 Rfe8 78. Ra1 Ra8 79. Kg3 Kd7 80. Kf4 Kd6 81. Rd3 Re7 82. Rb3 Rea7 83. Kf5 Re7 84. Rc3 Rae8 85. Kf4 Ra8 86. Rac1 Rc8 87. Rc5 Rec7 88. e4 dxe4 89. fxe4 Ra8 90. d5 Ra6 91. Rxc6+ Rcxc6 92. Rxc6+ Rxc6 93. dxc6 Kxc6 94. e5 Kd5 95. exf6 gxf6 96. Kf5 Kc4 97. Kxf6 Kb3 98. g5 hxg5 99. h6 Kxa3 100. h7 Kxb4 101. h8Q Ka3 102. Kxg5 b4 103. Qa1+ Kb3 104. Qb1+ Ka3 105. Kf4 b3 106. Ke3 Kb4 107. Kd4 Ka3 108. Kc3 Ka4 109. Qxb3+ Ka5 110. Qb7 Ka4 111. Qa6# 1-0